01199nam a2200265 a 4500001001000000005001700010008004100027041000800068044000700076084002000083100004500103245008100148260004400229300001900273500016800292500005300460500008200513500009100595500001000686650005200696650005600748650003400804650004500838740005000883BRCA_254920190320203847.0261108s1871----enk#---###---#000-0#spa-u aspa asp a164b.C37c18711 aCervantes Saavedra, Miguel ded1547-161610aEl Ingenioso Hidalgo Don Quijote de la ManchacMiguel de Cervantes Saavedra. aLondresbCassell, Petter y Galpinc1871 a683 p.c18 cm. aContenido : Primera parte. Dedicatoria del autor. Prólogo del autor. Versos preliminares. Texto. Segunda parte. Dedicatoria del autor. Prólogo del autor. Texto aEdición : Nueva edición corregida y revisada aEdición de surtido, impresa con letra pequeña. Rústica Lúdovik Osterc astado físico : Cubierta desprendida, además está forrado con plástico y diurex aQM15414aNovela españolayÉpoca clásica, 1500-170014aLiteratura españolayÉpoca clásica, 1500-170014aNovela españolaySiglo XVII14aDon Quijote (Personaje ficticio)eNovela0 aEl Ingenioso Hidalgo Don Quijote de la Mancha